000 00317nam a22001217a 4500
008 230620b xxu||||| |||| 00| 0 eng d
082 _a322.420
_bSWA 1981
110 _bDepartment of Information and Publicity
245 _aTo Be Born a Nation
260 _aLondon
_bZed Press
_c1981
300 _a357p
942 _2ddc
_cBK
999 _c1714
_d1714